000 00619nam a22001937a 4500
008 131002b xxu||||| |||| 00| 0 alb d
020 _a9789995634957
041 0 _aalb
080 _a001.8
100 1 _aKächelein, Holger
245 1 0 _aShkrimi akademik :
_c Holger Kachelein
260 _aTiranë :
_balbPaper ;
_c2011
300 _a222 f. :
_bme il. ;
_c21 cm.
490 _aSeria e publikimeve në ekonomiks ;
_v1
500 _aParathënie : f. [III] - IV
505 _aReferencat : f. 217-222
650 0 _aShkrimi akademik
942 _2udc
_cBK
999 _c18
_d18